000 00309 a2200157 4500
001 170926
020 _a
040 _cMagnum
100 _aBosmans, Phil
240 1 0 _aA alegria de viver
_lpor
245 1 0 _aA alegria de viver
362 0 _a1899
440 1 _aPaulinas
697 _aGERAL
942 _cBK
999 _c170926
_d170926